| 000 | 00879cab a2200241 4500 | ||
|---|---|---|---|
| 001 | WB2939-44 | ||
| 008 | 090401t1993 xxu||||| |||| 00| 0 eng d | ||
| 035 | _a(Sirsi) u54190 | ||
| 041 | _aeng | ||
| 245 | _aEC expressway threat to bypasses | ||
| 260 | _c1993 | ||
| 350 | _a0 | ||
| 490 |
_aDaily Telegraph _v21 October 1993, 2(2) |
||
| 520 | _aThe Department of Transport has added 7 routes to 12 European expressways proposed by the EC Commission in June and is accused by local authority transport planners of using bypasses as a means of expanding the network without due consultation. Map. | ||
| 650 | _aEUROPE | ||
| 650 | _aMOTORWAYS | ||
| 650 | _aPROPERTY-INFRASTRUCTURE-TRANSPORT INFRASTRUCTURE-ROAD INFRASTRUCTURE | ||
| 650 | _aTERN | ||
| 650 | _aTRANS-EUROPEAN ROAD NETWORK | ||
| 690 | _aTRANSPORT AND COMMUNICATIONS | ||
| 942 | _n0 | ||
| 948 | _c04/03/1997 | ||
| 999 |
_c33225 _d33225 |
||